Michael Jackson Quiz - Statistics

General Stats
  • This quiz has been taken 113 times
  • The average score is 11 of 15
Answer Stats
Question Answer % Correct
How did he die? From a cardiac arrest (Overdosing with propofol)
100%
Finish the lyrics from „Billie Jean”: "The kid is not my..." Son
100%
Who is Brandon Jackson? His dead brother/Marlon Jackson's twin brother
97%
What is his signature dance move? Moonwalk
95%
Who was his FIRST wife? Lisa Marie Presley
92%
What were his occupations? Singer, dancer, philanthropist, songwriter,
92%
Who is the girl from the „In the closet” music video? Naomi Campbell
86%
Why did he carry an umbrella with him outside when the weather was clear? Patients with vitiligo are advised to avoid sunlight
86%
Why did he wear only one glove? He had vitiligo and it started from his hand and he decided to cover it
81%
What are his three children’ names? Prince Michael Jackson I, Paris, Bigi
62%
How many fans did he have? Over 4B
57%
What other condition(s) besides vitiligo did he have? Acne, lupus
54%
What is his favorite food? Mexican
54%
Finish the lyrics from „She’s out of my life”: "And it cuts like a knife, she's out of my life..." It's out of my hands, it's out of my hands
46%
How many siblings did he have? 8
38%
No matching quizzes found
Score Distribution
Percent of People with Each Score
Percentile by Number Answered
Your Score History
You have not taken this quiz